1573 1807 1030 1601 1292 1116 1233 1571 1010 1170 1755 1357 1572 1174 1899 1771 1056 1637 1981 1932 1917 1474 1580 1088 1640 1294 1340 1155 1493 1834 1490 1863 1182 1633 1737 1434 1612 1804 1953 1783 1150 1987 1729 1404 1471 1613 1843 1507 1976 1186 1704 1365 1529 1508 1060 1074 1368 1702 1202 1319 1344 1635 1408 1211 1281 1095 1018 1302 1630 1029 1101 1903 1164 1566 1711 1040 1818 1241 1818 1610 1850 1085 1166 1416 1197 1487 1550 1768 1995 1081 1219 1759 1798 1263 1452 1715 1578 1170 1187 BCNSPRNW ULIB Ver.6.0+V

เปลี่ยนเป็นภาษาไทย

Change to English
 แสดงรายละเอียดบรรณานุกรม
  กลับหน้าหลัก

Brief Record : Get Marc (ISO 2709) : E-mail record : QR code < ปิดหน้าต่าง
LEADER : 00000nam 2200000uu 4500
001    13399112918
003     ULIB
008    110919s2552||||th 000 0 tha d
020    9786160600304
090    นว.^bฉ512ป
100 0  เฉียวอัน
245 00 ประกายรัก/^cเฉียวอัน
250    พิมพ์ครั้งที่ 1
260    กรุงเทพฯ :^bแจ่มใส,^c2552
300    209 หน้า
710 1  แจ่มใส
945    ^p149^l0^i16296
995    กัณชพร
999     ^aใช้งานได้ทุกระบบ
รายการนี้ยังไม่มีแท็ก
คุณยังไม่ได้ล็อกอิน คุณสามารถมีกิจกรรมร่วมกับเว็บไซต์ได้ แต่ต้องล็อกอินก่อน ::
  ล็อกอิน

รายการสื่อสารสนเทศ

ลำดับที่ ประเภท เลขเรียก/บาร์โค้ด สถานที่ สถานะ
1. นวนิยาย
นวนิยาย
นว. ฉ512ป  
  Barcode: 16296
ห้องสมุดวิทยาเขตสวรรค์ประชารักษ์
►นวนิยาย
บนชั้น
  ขอยืม

รายการใกล้เคียง
    ผู้แต่ง [เฉียวอัน]

BibComment


ยังไม่เคยถูกคอมเมนท์

คอมเมนท์ทรัพยากรรายการนี้
  คอมเมนท์: ประกายรัก เฉียวอัน


 Copyright 2026. Bcnsprnw @Library